| 000 | 01581nam a2200277 u 4500 | ||
|---|---|---|---|
| 001 | 000238435 | ||
| 003 | AM-YeHGA | ||
| 005 | 20250618071613.0 | ||
| 008 | 030623s1994 ai r 000 0 arm d | ||
| 040 | _aAM-YeHGA | ||
| 100 | 1 | _aՍոլժենիցին, Ալեքսանդր | |
| 245 | 1 | 0 |
_aԱրխիպելագ Գուլագ : _b1918-1956 ; Գեղ. հետազոտ. փորձ 3 հտ. / _cԱլ. Սոլժենիցին; Թարգմ.՝ Ա. Հովհաննիսյան. |
| 260 |
_aԵրևան : _bԳիր գրոց, _c1994. |
||
| 300 |
_a3 հ. ; _c22 սմ. |
||
| 500 | _aԾանոթագր., 623-630 (Հտ. 1); էջ՝ 663-667 (Հտ. 2); էջ՝ 607-618 (Հտ. 3) | ||
| 505 | 1 | 0 |
_gՀ. Ա (632 էջ : [1] թ. դիմանկ.) _rԽմբ.՝ Գ.Գ. Խաչատրյան _tՄաս I Բանտային արդյունաբերություն; Մաս II Հավերժական շարժում _gՀ. Բ (680 էջ : [2] թ. դիմանկ.) _rԽմբ.՝ _tՄաս III; Մաս IV _gՀ. Գ (624 էջ : [3] թ. դիմանկ.) _rԽմբ.՝ Ջ.Ա. Պետրոսյան _tՄաս V Տաժանակրություն; Մաս VI Աքսոր; Մաս VII Ստալինը չկա |
| 650 | 1 | 4 |
_aՌուս գրականություն _xՎեպ _94829 |
| 653 | 0 | _aԲռնադատվածներ | |
| 653 | 0 | _aՍտալինյան բռնաճնշումներ | |
| 653 | 0 | _aՍտալինյան ճամբարներ | |
| 700 | 1 |
_aՀովհաննիսյան, Արմեն Արշավիրի, _d1936- _eթարգմ. _4trl _91856 |
|
| 700 | 1 |
_aԽաչատրյան, Գ.Գ. _eխմբ. _4edt |
|
| 700 | 1 |
_aՊետրոսյան, Ջ.Ա. _eխմբ. _4edt |
|
| 942 |
_2udc _cBK |
||
| 090 | _c85660 | ||
| 999 |
_c84383 _d84383 |
||